Sincronía, diacronía e historia: el problema del cambio lingüístico

Saved in:
Bibliografiske detaljer
Hovedforfatter: Coseriu, Eugenio (Author)
Format: Bog
Sprog:spansk
Udgivet: Montevideo Universidad de la República 1958
Fag:
Tags: Tilføj Tag
Ingen Tags, Vær først til at tagge denne postø!

MARC

LEADER 00000nam a2200000 a 4500
001 UCX6104
003 CL-VaPUC
008 930416e19580000UY |||||||||||||||||spa|d
082 0 4 |a 401  |b COS  |2 21 
100 0 |a Coseriu, Eugenio  |e author  |9 322511 
245 1 0 |a Sincronía, diacronía e historia: el problema del cambio lingüístico 
300 |a 164 p 
942 |c BK 
945 |d 19930416 00:00:00 
260 |a Montevideo  |b Universidad de la República  |c 1958 
650 0 |a Cambio lingüístico  |9 316396 
650 0 |a Lingüística  |9 265068 
583 |a last modification  |c 20120711 09:51:45  |k Rodrigo Vera 
999 |c 226190  |d 226188 
952 |0 0  |1 0  |4 0  |6 401_000000000000000_COS_1958  |7 0  |8 A  |9 224380  |a BIBEDU  |b BIBEDU  |d 2019-11-15  |i 2931346  |o 401 COS 1958  |p 2931346  |r 2019-11-15  |w 2019-11-15  |y BK  |k LIT 
952 |0 0  |1 0  |4 0  |6 401_000000000000000_COS_1958  |7 0  |8 A  |9 224381  |a FDOPOS  |b FDOPOS  |d 2019-11-15  |i 4271912  |o 401 COS 1958  |p 4271912  |r 2025-01-22  |w 2019-11-15  |y BK  |k MLA